Katalog Plus
Bibliothek der Frankfurt UAS
Bald neuer Katalog: sichern Sie sich schon vorab Ihre persönlichen Merklisten im Nutzerkonto: Anleitung.

Arming Iraq’s Kurds

Titel: Arming Iraq’s Kurds : fighting IS, inviting conflict / International Crisis Group
Körperschaft:
Veröffentlicht: Baghdad [u.a.] : International Crisis Group, 2015
Umfang: Online-Ressource (44 Seiten, 3,6 MB) : Kt.
Format: E-Book
Sprache: Englisch
Mehrbändiges Werk: Middle East report ; 158
Schlagworte:
Kein Bild verfügbar
X
alg: 51794103
001A    $06055:07-05-24 
001B    $01999:14-05-24 $t23:47:01.000 
001D    $06055:07-05-24 
001U    $0utf8 
001X    $00 
002@    $0Oax 
002C    $aText $btxt $2rdacontent 
002D    $aComputermedien $bc $2rdamedia 
002E    $aOnline-Ressource $bcr $2rdacarrier 
003@    $0517941031 
004E/07 $0825946905 $lMENADOC 
004U    $0urn:nbn:de:gbv:3:5-88993 $S0 
007A    $0095572554 $aKEP 
007I    $0MENADOC-3:5-88993 
009Q    $S0 $uhttp://nbn-resolving.de/urn:nbn:de:gbv:3:5-88993 $xR 
010@    $aeng 
011@    $a2015 $n2015 
017B    $aZDB-234-MED 
021A    $aArming Iraq’s Kurds $dfighting IS, inviting conflict $hInternational Crisis Group 
029F    $#ICG $75340296-0 $8International Crisis Group [Tb1] $9082449198 
033A    $pBaghdad [u.a.] $nInternational Crisis Group 
033E    $pHalle (Saale) $nUniversitäts- und Landesbibliothek Sachsen-Anhalt 
034D    $aOnline-Ressource (44 Seiten, 3,6 MB) 
034M    $aKt. 
036E    $aMiddle East report $l158 
037J    $aOpen Access $2star $uhttp://purl.org/coar/access_right/c_abf2 $fUnrestricted online access 
045R    $aGeschichte 
045T    $a6,23 

lok: 51794103 3

exp: 51794103 3 1 #EPN
201B/01 $014-05-24 $t01:07:17.503 
201C/01 $013-05-24 
201U/01 $0utf8 
203@/01 $01262794153 
204U/01 $0urn:nbn:de:gbv:3:5-88993 $S0 
208@/01 $a13-05-24 $bl 

lok: 51794103 5

exp: 51794103 5 1 #EPN
201B/01 $014-05-24 $t23:47:01.000 
201C/01 $013-05-24 
201U/01 $0utf8 
203@/01 $01262794161 
204U/01 $0urn:nbn:de:gbv:3:5-88993 $S0 
208@/01 $a13-05-24 $bl 

lok: 51794103 8

exp: 51794103 8 1 #EPN
201B/01 $014-05-24 $t01:07:17.510 
201C/01 $013-05-24 
201U/01 $0utf8 
203@/01 $0126279417X 
204U/01 $0urn:nbn:de:gbv:3:5-88993 $S0 
208@/01 $a13-05-24 $bl 

lok: 51794103 10

exp: 51794103 10 1 #EPN
201B/01 $014-05-24 $t01:07:17.512 
201C/01 $013-05-24 
201U/01 $0utf8 
203@/01 $01262794188 
204U/01 $0urn:nbn:de:gbv:3:5-88993 $S0 
208@/01 $a13-05-24 $bl 

lok: 51794103 21

exp: 51794103 21 1 #EPN
201B/01 $014-05-24 $t01:07:17.514 
201C/01 $013-05-24 
201U/01 $0utf8 
203@/01 $01262794196 
204U/01 $0urn:nbn:de:gbv:3:5-88993 $S0 
208@/01 $a13-05-24 $bl 

lok: 51794103 23

exp: 51794103 23 1 #EPN
201B/01 $014-05-24 $t01:07:17.517 
201C/01 $013-05-24 
201U/01 $0utf8 
203@/01 $0126279420X 
204U/01 $0urn:nbn:de:gbv:3:5-88993 $S0 
208@/01 $a13-05-24 $bl 

lok: 51794103 25

exp: 51794103 25 1 #EPN
201B/01 $014-05-24 $t01:07:17.519 
201C/01 $013-05-24 
201U/01 $0utf8 
203@/01 $01262794218 
204U/01 $0urn:nbn:de:gbv:3:5-88993 $S0 
208@/01 $a13-05-24 $bl 

lok: 51794103 204

exp: 51794103 204 1 #EPN
201B/01 $014-05-24 $t01:07:17.522 
201C/01 $013-05-24 
201U/01 $0utf8 
203@/01 $01262794226 
204U/01 $0urn:nbn:de:gbv:3:5-88993 $S0 
208@/01 $a13-05-24 $bl 

lok: 51794103 205

exp: 51794103 205 1 #EPN
201B/01 $014-05-24 $t01:07:17.525 
201C/01 $013-05-24 
201U/01 $0utf8 
203@/01 $01262794234 
204U/01 $0urn:nbn:de:gbv:3:5-88993 $S0 
208@/01 $a13-05-24 $bl
LEADER 00000cam a22000002c 4500
001 517941031
003 DE-603
005 20240514234701.0
007 cr||||||||||||
008 240507s2015 xx |||| o| u00||u|eng c
024 7 |a urn:nbn:de:gbv:3:5-88993  |2 urn 
028 5 2 |a 825946905 
035 |a (DE-599)KEP095572554 
040 |a DE-603  |b ger  |c DE-603  |d DE-603 
041 |a eng 
084 |a 6,23  |2 ssgn 
245 0 0 |a Arming Iraq’s Kurds  |b fighting IS, inviting conflict  |c International Crisis Group 
264 1 |a Baghdad [u.a.]  |b International Crisis Group  |c 2015 
264 2 |a Halle (Saale)  |b Universitäts- und Landesbibliothek Sachsen-Anhalt 
300 |a Online-Ressource (44 Seiten, 3,6 MB)  |b Kt. 
336 |a Text  |b txt  |2 rdacontent 
337 |a Computermedien  |b c  |2 rdamedia 
338 |a Online-Ressource  |b cr  |2 rdacarrier 
490 0 |a Middle East report  |v 158 
648 7 |a Geschichte  |2 gnd 
710 2 |a International Crisis Group  |0 (DE-603)082449198  |0 (DE-588)5340296-0  |2 gnd 
856 |u http://nbn-resolving.de/urn:nbn:de:gbv:3:5-88993  |x Resolving-System  |z kostenfrei 
912 |a ZDB-234-MED 
924 1 |9 603  |a (DE-603)1262794153  |b DE-603  |c HES  |d d 
924 1 |9 603  |a (DE-603)1262794161  |b DE-603  |c HES  |d d 
924 1 |9 603  |a (DE-603)126279417X  |b DE-603  |c HES  |d d 
924 1 |9 603  |a (DE-603)1262794188  |b DE-603  |c HES  |d d 
924 1 |9 603  |a (DE-603)1262794196  |b DE-603  |c HES  |d d 
924 1 |9 603  |a (DE-603)126279420X  |b DE-603  |c HES  |d d 
924 1 |9 603  |a (DE-603)1262794218  |b DE-603  |c HES  |d d 
924 1 |9 603  |a (DE-603)1262794226  |b DE-603  |c HES  |d d 
924 1 |9 603  |a (DE-603)1262794234  |b DE-603  |c HES  |d d